Naturally stay young (Record no. 90774)

MARC details
000 -LEADER
fixed length control field 00568cam a22002051 4500
001 - CONTROL NUMBER
control field sg 46000163
003 - CONTROL NUMBER IDENTIFIER
control field DLC
005 - DATE AND TIME OF LATEST TRANSACTION
control field 20260227112749.0
008 - FIXED-LENGTH DATA ELEMENTS--GENERAL INFORMATION
fixed length control field 810725s1944 xx f 000 0 eng
010 ## - LIBRARY OF CONGRESS CONTROL NUMBER
LC control number sg 46000163
035 ## - SYSTEM CONTROL NUMBER
System control number (OCoLC)14724680
040 ## - CATALOGING SOURCE
Original cataloging agency DLC
Transcribing agency DNLM
Modifying agency DLC
042 ## - AUTHENTICATION CODE
Authentication code premarc
050 00 - LIBRARY OF CONGRESS CALL NUMBER
Classification number RA776
Item number .G69
060 0# - NATIONAL LIBRARY OF MEDICINE CALL NUMBER
Classification number QT 180
Item number G713n 1944
100 1# - MAIN ENTRY--PERSONAL NAME
Personal name Gour, Andrew Anastas,
Dates associated with a name 1882-
245 10 - TITLE STATEMENT
Title Naturally stay young
Statement of responsibility, etc. [by] Andrew A. Gour ...
260 ## - PUBLICATION, DISTRIBUTION, ETC.
Place of publication, distribution, etc. Chicago,
Name of publisher, distributor, etc. Modern health league
Date of publication, distribution, etc. [1944]
300 ## - PHYSICAL DESCRIPTION
Extent ix p., 1 l., 155, vi p.
Other physical details plates.

No items available.

Powered by Koha